Thermoluminescence material LI2B4O7:Cu,Ag,P for dosimeter in the radiotherapy /

Uloženo v:
Podrobná bibliografie
Hlavní autor: Bui The Huy.
Další autoři: Bui Minh Ly, Vo Thi Thu Ha., Vu Xuan Quang
Médium: Článek
Jazyk:Vietnamese
Tagy: Přidat tag
Žádné tagy, Buďte první, kdo otaguje tento záznam!
Thư viện lưu trữ: Thư viện Trường Đại học Đà Lạt
LEADER 00861nam a2200265 4500
001 DLU120142385
005 ##20121012
040 # # |a DLU  |b vie 
041 # # |a vie 
044 # # |a vn 
100 # # |a Bui The Huy. 
245 # # |a Thermoluminescence material LI2B4O7:Cu,Ag,P for dosimeter in the radiotherapy /  |c Bui The Huy... [và những người khác]. 
700 # # |a Bui Minh Ly 
700 # # |a Vo Thi Thu Ha. 
700 # # |a Vu Xuan Quang 
773 # # |t Tuyển tập báo cáo: Hội nghị khoa học và công nghệ hạt nhân toàn quốc lần thứ VII   |g  2008, tr. 540-545 
920 # # |a Phòng Tạp chí -- Trung tâm Thông tin - Thư viện Trường Đại học Đà Lạt 
994 # # |a DLU 
900 # # |a True 
911 # # |a Nguyễn Thị Mai Anh 
925 # # |a G 
926 # # |a A 
927 # # |a BB 
980 # # |a Thư viện Trường Đại học Đà Lạt